Contabilidad: un enfoque administrativo
Uloženo v:
| Hlavní autoři: | , |
|---|---|
| Médium: | Kniha |
| Jazyk: | španělština |
| Vydáno: |
Ciudad de México
Diana
1972
|
| Témata: | |
| Tagy: |
Přidat tag
Žádné tagy, Buďte první, kdo vytvoří štítek k tomuto záznamu!
|
MARC
| LEADER | 00000nam a2200000 a 4500 | ||
|---|---|---|---|
| 001 | UCR8728 | ||
| 003 | CL-VaPUC | ||
| 008 | 980529e19720000MX |||||||||||||||||spa|d | ||
| 082 | 0 | 4 | |a 657.458 |b GOR |2 21 |
| 100 | 0 | |a Gordon, Myron J |e author |9 410863 | |
| 700 | 0 | |a Shillinglaw, Gordon |e author |9 410864 | |
| 245 | 1 | 0 | |a Contabilidad: un enfoque administrativo |
| 300 | |a 941 p | ||
| 942 | |c BK | ||
| 945 | |d 19980529 00:00:00 |a crobeson | ||
| 260 | |a Ciudad de México |b Diana |c 1972 | ||
| 650 | 0 | |a Contabilidad |9 261430 | |
| 650 | 0 | |a Capital |9 263726 | |
| 650 | 7 | |a TRANSACCIONES |2 CL-VaPUC |9 375998 | |
| 650 | 7 | |a DEPRESIACION |2 CL-VaPUC |9 389962 | |
| 650 | 0 | |a Sistemas |9 336966 | |
| 650 | 7 | |a PROCESO DE DATOS |2 CL-VaPUC |9 343039 | |
| 650 | 7 | |a CAPITALIZACION |2 CL-VaPUC |9 410865 | |
| 650 | 7 | |a FLUJOS |2 CL-VaPUC |9 389963 | |
| 650 | 0 | |a Control de procesos |9 259880 | |
| 583 | |a last modification |c 19980529 00:00:00 |k Rodrigo Vera | ||
| 999 | |c 270123 |d 270121 | ||
| 952 | |0 0 |1 0 |4 0 |6 657_458000000000000_GOR_1972 |7 0 |8 R |9 304251 |a BIBENE |b BIBENE |d 2019-11-20 |i 1405764 |o 657.458 GOR 1972 |p 1405764 |r 2025-01-15 |w 2019-11-20 |y BK_R |k ICO | ||